[Event "PAR-ch U14"]
[Site "Asuncion"]
[Date "2019.02.08"]
[Round "7"]
[White "Montiel Acosta, Mateo"]
[Black "Melian, Juan Sebastian"]
[Result "0-1"]
[WhiteElo "1057"]
[BlackElo "1744"]
[PlyCount "84"]
[EventDate "2019.02.04"]
[EventType "tourn"]
[EventRounds "9"]
[EventCountry "PAR"]
[SourceTitle "CBM 189 Extra"]
[Source "ChessBase"]
[SourceDate "2019.06.03"]
[SourceVersion "1"]
[SourceVersionDate "2019.06.03"]
[SourceQuality "1"]

1. e4 c5 2. d3 e6 3. Nd2 d5 4. Ngf3 Nf6 5. g3 b6 6. Bg2 Bb7 7. 0-0 dxe4 8. dxe4 Nxe4 9. Nxe4 Qxd1 10. Rxd1 Bxe4 11. c3 Be7 12. Bf4 Nc6 13. Rd2 0-0 14. Re1 Bd5 15. b3 Bf6 16. Re3 Rad8 17. c4 Bxf3 18. Rxd8 Rxd8 19. Bxf3 Nd4 20. Bg4 g6 21. Be5 Kg7 22. Bxd4 Bxd4 23. Rd3 Bxf2+ 24. Kxf2 Rxd3 25. Be2 Rd2 26. Ke1 Rxa2 27. h4 Kf6 28. g4 Ke5 29. g5 Ke4 30. Kd1 Rb2 31. Bg4 Rxb3 32. Kd2 a5 33. Ke2 a4 34. Bf3+ Rxf3 35. Kd2 Rb3 36. Kc2 Rb4 37. h5 gxh5 38. g6 hxg6 39. Kd2 a3 40. Kc2 a2 41. Kd2 a1Q 42. Ke2 Rb2# 0-1

[Event "PAR-ch U14"]
[Site "Asuncion"]
[Date "2019.02.08"]
[Round "8"]
[White "Oviedo Acosta, Paula"]
[Black "Montiel Acosta, Mateo"]
[Result "1/2-1/2"]
[WhiteElo "1587"]
[BlackElo "1057"]
[PlyCount "28"]
[EventDate "2019.02.04"]
[EventType "tourn"]
[EventRounds "9"]
[EventCountry "PAR"]
[SourceTitle "CBM 189 Extra"]
[Source "ChessBase"]
[SourceDate "2019.06.03"]
[SourceVersion "1"]
[SourceVersionDate "2019.06.03"]
[SourceQuality "1"]

1. e4 c5 2. Nf3 e6 3. Nc3 Nc6 4. d4 d5 5. exd5 exd5 6. Be3 Nf6 7. dxc5 Bg4 8. Bg5 Be6 9. Bd3 Bxc5 10. 0-0 0-0 11. Ne2 Bg4 12. Nf4 Qd6 13. h3 h6 14. Bxf6 Qxf4 1/2-1/2